El primer descubrimiento de américa : establecimiento de los vikingos en islandia, groenlandia y américa /

Guardado en:
Autor Principal: Jones, Gwyn
Formato: Libro
Publicado: Barcelona : Ediciones de Occidente, 1964
Series:Colección Libros Tau; No. 6
Materias:
Etiquetas: Agregar Etiqueta
Sin Etiquetas, Sea el primero en etiquetar este registro!
LEADER 00695nam a22002055a 4500
001 CEM.cems013009
005 20081022133536.0
008 130507s1964##################000#0#####d
003 CEMS
082 0 4 |a 980.01 
100 1 |a Jones, Gwyn 
245 1 0 |a El primer descubrimiento de américa :  |b establecimiento de los vikingos en islandia, groenlandia y américa /  |c Gwyn Jones 
260 |a Barcelona :  |b Ediciones de Occidente,  |c 1964 
300 |a 320 p. 
490 0 |a Colección Libros Tau; No. 6 
505 0 |a Los acontecimientos -- Las fuentes 
653 |a Historia 
653 |a Historia americana 
653 |a América-descubrimiento 
859 |a CEMS  |b BIB. CEMS - 11 de abril  |h 980.01  |i J716  |p 25267.08  |t Ej.1